[Event "Deutsche Ländermeisterschaft 2023"]
[Site "Hannover GER"]
[Date "2023.10.01"]
[Round "2"]
[White "Wartenberg, Alissa"]
[Black "Voigt, Anastasia"]
[Result "0-1"]
[Termination "normal"]
[Board "5.6"]
[WhiteElo "1690"]
[BlackElo "1925"]
[WhiteClock "00:06:06"]
[BlackClock "00:16:11"]
[WhiteTeam "Hamburg"]
[BlackTeam "Sachsen-Anhalt"]
[PlyCount "70"]
[WhiteFideId "16280741"]
[BlackFideId "16235223"]
[EventCountry "GER"]
[EventRounds "7"]
[EventType "team-swiss"]
[EventDate "2023.09.30"]

1. e4 {[%clk 01:30:57]} {[%emt 00:00:02]} e5 {[%clk 01:30:56]} {[%emt
00:00:05]} 2. Nf3 {[%clk 01:31:24]} {[%emt 00:00:03]} Nc6 {[%clk 01:31:21]}
{[%emt 00:00:04]} 3. Bb5 {[%clk 01:31:51]} {[%emt 00:00:04]} a6 {[%clk
01:31:40]} {[%emt 00:00:12]} 4. Ba4 {[%clk 01:32:16]} {[%emt 00:00:04]} Nf6
{[%clk 01:31:53]} {[%emt 00:00:16]} 5. O-O {[%clk 01:32:33]} {[%emt 00:00:14]}
Be7 {[%clk 01:32:12]} {[%emt 00:00:11]} 6. d3 {[%clk 01:32:33]} {[%emt
00:00:30]} b5 {[%clk 01:32:16]} {[%emt 00:00:25]} 7. Bb3 {[%clk 01:32:59]}
{[%emt 00:00:05]} d6 {[%clk 01:32:41]} {[%emt 00:00:05]} 8. Be3 {[%clk
01:33:07]} {[%emt 00:00:21]} Na5 {[%clk 01:32:15]} {[%emt 00:00:56]} 9. Nc3
{[%clk 01:31:58]} {[%emt 00:01:39]} Nxb3 {[%clk 01:32:18]} {[%emt 00:00:27]}
10. axb3 {[%clk 01:32:20]} {[%emt 00:00:08]} Bb7 {[%clk 01:31:17]} {[%emt
00:01:31]} 11. Ne2 {[%clk 01:31:53]} {[%emt 00:00:58]} O-O {[%clk 01:30:03]}
{[%emt 00:01:44]} 12. Ng3 {[%clk 01:31:16]} {[%emt 00:01:07]} g6 {[%clk
01:27:33]} {[%emt 00:02:59]} 13. Re1 {[%clk 01:29:48]} {[%emt 00:01:58]} Ne8
{[%clk 01:24:26]} {[%emt 00:03:37]} 14. d4 {[%clk 01:28:28]} {[%emt 00:01:51]}
exd4 {[%clk 01:23:08]} {[%emt 00:01:48]} 15. Bh6 {[%clk 01:25:39]} {[%emt
00:03:19]} Ng7 {[%clk 01:21:36]} {[%emt 00:02:01]} 16. Nxd4 {[%clk 01:24:51]}
{[%emt 00:01:18]} Bf6 {[%clk 01:19:49]} {[%emt 00:02:15]} 17. c3 {[%clk
01:20:45]} {[%emt 00:04:38]} c5 {[%clk 01:15:10]} {[%emt 00:05:09]} 18. Nde2
{[%clk 01:14:18]} {[%emt 00:06:57]} d5 {[%clk 01:03:48]} {[%emt 00:11:52]} 19.
Qc2 {[%clk 00:43:51]} {[%emt 00:30:58]} Qc7 {[%clk 00:48:49]} {[%emt 00:15:27]}
20. exd5 {[%clk 00:40:02]} {[%emt 00:04:21]} Bxd5 {[%clk 00:48:07]} {[%emt
00:01:12]} 21. Rad1 {[%clk 00:38:36]} {[%emt 00:01:56]} Rfd8 {[%clk 00:42:18]}
{[%emt 00:06:17]} 22. c4 {[%clk 00:32:06]} {[%emt 00:07:03]} bxc4 {[%clk
00:37:49]} {[%emt 00:04:59]} 23. bxc4 {[%clk 00:32:24]} {[%emt 00:00:12]} Bc6
{[%clk 00:37:04]} {[%emt 00:01:13]} 24. Nc3 {[%clk 00:28:02]} {[%emt 00:04:53]}
Qb7 {[%clk 00:35:37]} {[%emt 00:01:55]} 25. Nge4 {[%clk 00:25:20]} {[%emt
00:03:14]} Bd4 {[%clk 00:31:12]} {[%emt 00:04:55]} 26. Bg5 {[%clk 00:22:07]}
{[%emt 00:03:43]} Rdb8 {[%clk 00:24:43]} {[%emt 00:06:58]} 27. Bf4 {[%clk
00:18:45]} {[%emt 00:03:53]} Qxb2 {[%clk 00:23:10]} {[%emt 00:02:03]} 28. Qd3
{[%clk 00:14:55]} {[%emt 00:04:20]} Bxe4 {[%clk 00:20:12]} {[%emt 00:03:28]}
29. Nxe4 {[%clk 00:12:10]} {[%emt 00:03:15]} Rb3 {[%clk 00:19:13]} {[%emt
00:01:28]} 30. Qe2 {[%clk 00:09:31]} {[%emt 00:03:09]} Qxe2 {[%clk 00:19:03]}
{[%emt 00:00:39]} 31. Rxe2 {[%clk 00:09:56]} {[%emt 00:00:06]} Ne6 {[%clk
00:17:44]} {[%emt 00:01:48]} 32. Bd6 {[%clk 00:09:18]} {[%emt 00:01:09]} a5
{[%clk 00:16:46]} {[%emt 00:01:28]} 33. Ra2 {[%clk 00:08:36]} {[%emt 00:01:13]}
a4 {[%clk 00:16:12]} {[%emt 00:01:03]} 34. g3 {[%clk 00:07:27]} {[%emt
00:01:38]} a3 {[%clk 00:16:10]} {[%emt 00:00:32]} 35. Rdd2 {[%clk 00:06:06]}
{[%emt 00:01:52]} f5 {[%clk 00:16:11]} {[%emt 00:00:28]} 0-1

[Event "Deutsche Ländermeisterschaft 2023"]
[Site "Hannover GER"]
[Date "2023.10.01"]
[Round "2"]
[White "Shevchenko, Igor"]
[Black "Grebita, Magnus"]
[Result "1/2-1/2"]
[Termination "normal"]
[Board "5.7"]
[WhiteElo "1521"]
[BlackElo "1540"]
[WhiteClock "00:44:33"]
[BlackClock "00:32:01"]
[WhiteTeam "Sachsen-Anhalt"]
[BlackTeam "Hamburg"]
[PlyCount "91"]
[WhiteFideId "34634924"]
[BlackFideId "34608958"]
[EventCountry "GER"]
[EventRounds "7"]
[EventType "team-swiss"]
[EventDate "2023.09.30"]

1. d4 {[%clk 01:30:59]} {[%emt 00:00:01]} Nf6 {[%clk 01:30:52]} {[%emt
00:00:07]} 2. c4 {[%clk 01:31:17]} {[%emt 00:00:12]} e6 {[%clk 01:31:14]}
{[%emt 00:00:08]} 3. Nf3 {[%clk 01:31:36]} {[%emt 00:00:13]} d5 {[%clk
01:31:33]} {[%emt 00:00:10]} 4. Nc3 {[%clk 01:31:57]} {[%emt 00:00:10]} c6
{[%clk 01:31:50]} {[%emt 00:00:12]} 5. cxd5 {[%clk 01:31:54]} {[%emt 00:00:34]}
exd5 {[%clk 01:31:58]} {[%emt 00:00:22]} 6. Bg5 {[%clk 01:32:11]} {[%emt
00:00:13]} Nbd7 {[%clk 01:31:52]} {[%emt 00:00:35]} 7. e3 {[%clk 01:32:31]}
{[%emt 00:00:10]} Qa5 {[%clk 01:32:09]} {[%emt 00:00:12]} 8. Nd2 {[%clk
01:32:37]} {[%emt 00:00:26]} Bb4 {[%clk 01:31:58]} {[%emt 00:00:40]} 9. Qc2
{[%clk 01:32:56]} {[%emt 00:00:11]} O-O {[%clk 01:31:24]} {[%emt 00:01:02]} 10.
Bd3 {[%clk 01:32:52]} {[%emt 00:00:36]} h6 {[%clk 01:31:39]} {[%emt 00:00:14]}
11. Bh4 {[%clk 01:33:17]} {[%emt 00:00:06]} Re8 {[%clk 01:31:00]} {[%emt
00:01:07]} 12. O-O {[%clk 01:33:34]} {[%emt 00:00:14]} Bd6 {[%clk 01:26:06]}
{[%emt 00:05:24]} 13. a3 {[%clk 01:32:28]} {[%emt 00:01:37]} Qc7 {[%clk
01:25:54]} {[%emt 00:00:41]} 14. Bg3 {[%clk 01:32:37]} {[%emt 00:00:22]} Bxg3
{[%clk 01:25:22]} {[%emt 00:01:01]} 15. hxg3 {[%clk 01:33:05]} {[%emt
00:00:04]} Nb6 {[%clk 01:24:29]} {[%emt 00:01:22]} 16. Rac1 {[%clk 01:32:29]}
{[%emt 00:01:07]} Bg4 {[%clk 01:23:09]} {[%emt 00:01:49]} 17. b4 {[%clk
01:31:14]} {[%emt 00:01:44]} a6 {[%clk 01:18:08]} {[%emt 00:05:32]} 18. Rfe1
{[%clk 01:28:21]} {[%emt 00:03:23]} Re7 {[%clk 01:14:38]} {[%emt 00:03:59]} 19.
Bf5 {[%clk 01:22:08]} {[%emt 00:06:45]} Bxf5 {[%clk 01:11:24]} {[%emt
00:03:45]} 20. Qxf5 {[%clk 01:21:36]} {[%emt 00:01:01]} Rae8 {[%clk 01:11:35]}
{[%emt 00:00:19]} 21. e4 {[%clk 01:11:23]} {[%emt 00:10:44]} dxe4 {[%clk
01:09:48]} {[%emt 00:02:16]} 22. Ncxe4 {[%clk 01:11:11]} {[%emt 00:00:42]} Nxe4
{[%clk 01:08:47]} {[%emt 00:01:31]} 23. Rxe4 {[%clk 01:11:25]} {[%emt
00:00:17]} Qd7 {[%clk 01:01:39]} {[%emt 00:07:36]} 24. Qxd7 {[%clk 01:10:51]}
{[%emt 00:01:05]} Nxd7 {[%clk 01:01:56]} {[%emt 00:00:13]} 25. f3 {[%clk
01:08:49]} {[%emt 00:02:32]} Nf6 {[%clk 00:57:52]} {[%emt 00:04:32]} 26. Rxe7
{[%clk 01:08:55]} {[%emt 00:00:26]} Rxe7 {[%clk 00:58:04]} {[%emt 00:00:17]}
27. Kf2 {[%clk 01:09:08]} {[%emt 00:00:18]} Rd7 {[%clk 00:56:59]} {[%emt
00:01:35]} 28. Nb3 {[%clk 01:09:16]} {[%emt 00:00:23]} Ne8 {[%clk 00:56:23]}
{[%emt 00:01:01]} 29. Rd1 {[%clk 01:09:22]} {[%emt 00:00:28]} Rd5 {[%clk
00:54:27]} {[%emt 00:02:22]} 30. Na5 {[%clk 01:08:30]} {[%emt 00:01:24]} Nd6
{[%clk 00:54:02]} {[%emt 00:00:56]} 31. g4 {[%clk 01:06:58]} {[%emt 00:02:03]}
Kf8 {[%clk 00:52:29]} {[%emt 00:02:02]} 32. Rd3 {[%clk 01:06:31]} {[%emt
00:00:57]} Ke7 {[%clk 00:51:47]} {[%emt 00:01:07]} 33. Kg3 {[%clk 01:05:13]}
{[%emt 00:01:52]} Kd7 {[%clk 00:49:03]} {[%emt 00:03:15]} 34. a4 {[%clk
01:02:38]} {[%emt 00:03:06]} f5 {[%clk 00:44:18]} {[%emt 00:05:15]} 35. Nb3
{[%clk 00:57:51]} {[%emt 00:05:18]} g5 {[%clk 00:42:46]} {[%emt 00:02:02]} 36.
Nc5+ {[%clk 00:57:52]} {[%emt 00:00:29]} Kc7 {[%clk 00:42:42]} {[%emt
00:00:34]} 37. gxf5 {[%clk 00:56:55]} {[%emt 00:01:27]} Nxf5+ {[%clk 00:42:31]}
{[%emt 00:00:41]} 38. Kf2 {[%clk 00:57:14]} {[%emt 00:00:12]} b6 {[%clk
00:41:34]} {[%emt 00:01:25]} 39. Nb3 {[%clk 00:57:13]} {[%emt 00:00:32]} h5
{[%clk 00:40:33]} {[%emt 00:01:31]} 40. g4 {[%clk 00:53:29]} {[%emt 00:04:14]}
hxg4 {[%clk 00:40:48]} {[%emt 00:00:15]} 41. fxg4 {[%clk 00:53:54]} {[%emt
00:00:06]} Ng7 {[%clk 00:39:38]} {[%emt 00:01:37]} 42. Re3 {[%clk 00:53:24]}
{[%emt 00:01:03]} Kd6 {[%clk 00:39:12]} {[%emt 00:00:55]} 43. Kf3 {[%clk
00:52:26]} {[%emt 00:01:29]} Ne6 {[%clk 00:38:27]} {[%emt 00:01:12]} 44. Re4
{[%clk 00:51:28]} {[%emt 00:01:29]} c5 {[%clk 00:31:43]} {[%emt 00:07:14]} 45.
bxc5+ {[%clk 00:49:02]} {[%emt 00:02:57]} bxc5 {[%clk 00:32:01]} {[%emt
00:00:12]} 46. Rxe6+ {[%clk 00:44:33]} {[%emt 00:05:00]} 1/2-1/2

[Event "Deutsche Ländermeisterschaft 2023"]
[Site "Hannover GER"]
[Date "2023.10.01"]
[Round "2"]
[White "Fettan, Nua"]
[Black "Rössling, Laura Marie"]
[Result "0-1"]
[Termination "normal"]
[Board "5.8"]
[WhiteElo "1248"]
[BlackElo "1285"]
[WhiteClock "00:12:11"]
[BlackClock "00:08:00"]
[WhiteTeam "Hamburg"]
[BlackTeam "Sachsen-Anhalt"]
[PlyCount "130"]
[WhiteFideId "34637362"]
[BlackFideId "16289471"]
[EventCountry "GER"]
[EventRounds "7"]
[EventType "team-swiss"]
[EventDate "2023.09.30"]

1. e4 {[%clk 01:30:57]} {[%emt 00:00:02]} e5 {[%clk 01:30:53]} {[%emt
00:00:07]} 2. Nf3 {[%clk 01:31:24]} {[%emt 00:00:04]} Nc6 {[%clk 01:31:17]}
{[%emt 00:00:06]} 3. Nc3 {[%clk 01:31:47]} {[%emt 00:00:07]} Nf6 {[%clk
01:31:37]} {[%emt 00:00:09]} 4. d4 {[%clk 01:32:09]} {[%emt 00:00:09]} exd4
{[%clk 01:31:55]} {[%emt 00:00:12]} 5. Nxd4 {[%clk 01:32:18]} {[%emt 00:00:22]}
Bb4 {[%clk 01:32:02]} {[%emt 00:00:23]} 6. Nxc6 {[%clk 01:32:34]} {[%emt
00:00:14]} bxc6 {[%clk 01:32:17]} {[%emt 00:00:14]} 7. Bd3 {[%clk 01:32:58]}
{[%emt 00:00:06]} O-O {[%clk 01:32:25]} {[%emt 00:00:23]} 8. O-O {[%clk
01:33:03]} {[%emt 00:00:24]} d5 {[%clk 01:32:42]} {[%emt 00:00:13]} 9. exd5
{[%clk 01:33:13]} {[%emt 00:00:21]} cxd5 {[%clk 01:32:53]} {[%emt 00:00:18]}
10. Bg5 {[%clk 01:33:15]} {[%emt 00:00:28]} c6 {[%clk 01:31:14]} {[%emt
00:02:09]} 11. Qf3 {[%clk 01:33:22]} {[%emt 00:00:23]} Be7 {[%clk 01:31:14]}
{[%emt 00:00:29]} 12. Rfe1 {[%clk 01:31:48]} {[%emt 00:02:05]} h6 {[%clk
01:28:30]} {[%emt 00:03:14]} 13. Bh4 {[%clk 01:31:28]} {[%emt 00:00:50]} Rb8
{[%clk 01:21:15]} {[%emt 00:07:29]} 14. Na4 {[%clk 01:31:26]} {[%emt 00:00:49]}
Rb4 {[%clk 01:21:06]} {[%emt 00:00:32]} 15. Bxf6 {[%clk 01:26:28]} {[%emt
00:05:34]} Bxf6 {[%clk 01:20:46]} {[%emt 00:00:49]} 16. Nc5 {[%clk 01:20:10]}
{[%emt 00:06:48]} Bxb2 {[%clk 01:19:25]} {[%emt 00:01:51]} 17. Rab1 {[%clk
01:18:42]} {[%emt 00:01:59]} Ba3 {[%clk 01:12:55]} {[%emt 00:06:59]} 18. Bh7+
{[%clk 01:17:10]} {[%emt 00:02:02]} Kxh7 {[%clk 01:11:43]} {[%emt 00:01:42]}
19. Qxa3 {[%clk 01:17:23]} {[%emt 00:00:17]} Rxb1 {[%clk 01:10:47]} {[%emt
00:01:26]} 20. Rxb1 {[%clk 01:17:18]} {[%emt 00:00:36]} Qg5 {[%clk 01:09:04]}
{[%emt 00:02:01]} 21. Qxa7 {[%clk 01:08:29]} {[%emt 00:09:30]} Bh3 {[%clk
01:06:32]} {[%emt 00:03:03]} 22. g3 {[%clk 01:08:31]} {[%emt 00:00:27]} Qf5
{[%clk 01:05:49]} {[%emt 00:01:10]} 23. Nd3 {[%clk 01:03:06]} {[%emt 00:05:59]}
Qe4 {[%clk 01:01:30]} {[%emt 00:04:43]} 24. f3 {[%clk 00:59:06]} {[%emt
00:04:36]} Qxf3 {[%clk 00:58:18]} {[%emt 00:03:42]} 25. Qf2 {[%clk 00:58:50]}
{[%emt 00:00:46]} Qxf2+ {[%clk 00:57:43]} {[%emt 00:01:05]} 26. Kxf2 {[%clk
00:59:11]} {[%emt 00:00:09]} Ra8 {[%clk 00:56:15]} {[%emt 00:01:58]} 27. Ra1
{[%clk 00:56:23]} {[%emt 00:03:19]} d4 {[%clk 00:53:52]} {[%emt 00:02:47]} 28.
Ne5 {[%clk 00:52:25]} {[%emt 00:04:33]} c5 {[%clk 00:53:34]} {[%emt 00:00:47]}
29. a4 {[%clk 00:51:24]} {[%emt 00:01:32]} Ra6 {[%clk 00:51:38]} {[%emt
00:02:22]} 30. Ra3 {[%clk 00:43:55]} {[%emt 00:08:04]} f6 {[%clk 00:51:17]}
{[%emt 00:00:48]} 31. Nd3 {[%clk 00:40:31]} {[%emt 00:03:57]} Ra5 {[%clk
00:50:38]} {[%emt 00:01:02]} 32. Kf3 {[%clk 00:36:20]} {[%emt 00:04:46]} Bf5
{[%clk 00:48:44]} {[%emt 00:02:23]} 33. g4 {[%clk 00:34:50]} {[%emt 00:02:03]}
Bg6 {[%clk 00:43:57]} {[%emt 00:05:14]} 34. Ra2 {[%clk 00:32:36]} {[%emt
00:02:46]} c4 {[%clk 00:43:30]} {[%emt 00:00:57]} 35. Nb4 {[%clk 00:31:54]}
{[%emt 00:01:12]} Be8 {[%clk 00:42:44]} {[%emt 00:01:09]} 36. Ke4 {[%clk
00:31:45]} {[%emt 00:00:45]} Rxa4 {[%clk 00:39:12]} {[%emt 00:04:02]} 37. Rxa4
{[%clk 00:31:40]} {[%emt 00:00:35]} Bxa4 {[%clk 00:39:31]} {[%emt 00:00:11]}
38. Kxd4 {[%clk 00:31:47]} {[%emt 00:00:23]} Bd7 {[%clk 00:38:58]} {[%emt
00:01:03]} 39. Kxc4 {[%clk 00:30:03]} {[%emt 00:02:14]} Bxg4 {[%emt 00:00:19]}
40. Kd4 {[%clk 00:30:13]} {[%emt 00:00:19]} g5 {[%clk 00:38:21]} {[%emt
00:01:19]} 41. Ke3 {[%clk 00:29:21]} {[%emt 00:01:23]} f5 {[%clk 00:37:56]}
{[%emt 00:00:56]} 42. c4 {[%clk 00:25:54]} {[%emt 00:03:57]} f4+ {[%clk
00:38:15]} {[%emt 00:00:11]} 43. Kf2 {[%clk 00:26:00]} {[%emt 00:00:23]} Kg7
{[%clk 00:38:07]} {[%emt 00:00:38]} 44. Nd3 {[%clk 00:26:07]} {[%emt 00:00:23]}
Kf6 {[%clk 00:37:23]} {[%emt 00:01:10]} 45. c5 {[%clk 00:25:26]} {[%emt
00:01:17]} Ke6 {[%clk 00:37:10]} {[%emt 00:00:31]} 46. c6 {[%clk 00:25:07]}
{[%emt 00:01:00]} Kd6 {[%clk 00:37:18]} {[%emt 00:00:22]} 47. Ke1 {[%clk
00:23:23]} {[%emt 00:02:13]} Be6 {[%clk 00:36:49]} {[%emt 00:00:40]} 48. h4
{[%clk 00:22:38]} {[%emt 00:01:36]} Kxc6 {[%clk 00:35:24]} {[%emt 00:01:55]}
49. Kf2 {[%clk 00:22:23]} {[%emt 00:00:45]} Bd5 {[%clk 00:27:35]} {[%emt
00:08:12]} 50. hxg5 {[%clk 00:19:28]} {[%emt 00:03:32]} hxg5 {[%clk 00:27:35]}
{[%emt 00:00:30]} 51. Ne1 {[%clk 00:19:20]} {[%emt 00:00:38]} Kd6 {[%clk
00:26:53]} {[%emt 00:01:00]} 52. Nd3 {[%clk 00:17:07]} {[%emt 00:02:54]} Ke6
{[%clk 00:26:34]} {[%emt 00:00:42]} 53. Kg1 {[%clk 00:16:40]} {[%emt 00:01:04]}
Kf5 {[%clk 00:25:53]} {[%emt 00:01:09]} 54. Nf2 {[%clk 00:16:59]} {[%emt
00:00:14]} Bc4 {[%clk 00:23:31]} {[%emt 00:02:22]} 55. Kh2 {[%clk 00:17:06]}
{[%emt 00:00:52]} g4 {[%clk 00:23:06]} {[%emt 00:00:55]} 56. Nd1 {[%clk
00:16:09]} {[%emt 00:01:27]} g3+ {[%clk 00:21:33]} {[%emt 00:02:03]} 57. Kg1
{[%clk 00:15:33]} {[%emt 00:01:06]} Kg4 {[%clk 00:20:36]} {[%emt 00:01:25]} 58.
Kh1 {[%clk 00:14:48]} {[%emt 00:01:16]} Bd5+ {[%clk 00:16:16]} {[%emt
00:04:50]} 59. Kg1 {[%clk 00:15:03]} {[%emt 00:00:15]} Bb7 {[%clk 00:15:47]}
{[%emt 00:00:53]} 60. Nb2 {[%clk 00:14:32]} {[%emt 00:01:06]} f3 {[%clk
00:12:05]} {[%emt 00:04:12]} 61. Nd3 {[%clk 00:13:25]} {[%emt 00:01:37]} Ba6
{[%clk 00:09:44]} {[%emt 00:02:52]} 62. Nf2+ {[%clk 00:12:25]} {[%emt
00:01:30]} gxf2+ {[%clk 00:08:11]} {[%emt 00:02:03]} 63. Kxf2 {[%clk 00:12:42]}
{[%emt 00:00:12]} Be2 {[%clk 00:08:17]} {[%emt 00:00:25]} 64. Kg1 {[%clk
00:12:15]} {[%emt 00:00:56]} Kg3 {[%clk 00:07:48]} {[%emt 00:01:01]} 65. Kh1
{[%clk 00:12:11]} {[%emt 00:00:34]} Bd3 {[%clk 00:08:00]} {[%emt 00:00:18]} 0-1

[Event "Deutsche Ländermeisterschaft 2023"]
[Site "Hannover GER"]
[Date "2023.10.01"]
[Round "2"]
[White "Chassard, Cedric"]
[Black "Albert, Markus"]
[Result "1/2-1/2"]
[Termination "normal"]
[Board "6.1"]
[WhiteTitle "FM"]
[WhiteElo "2349"]
[BlackElo "2160"]
[WhiteClock "00:18:36"]
[BlackClock "00:42:25"]
[WhiteTeam "Saarland & Friends"]
[BlackTeam "Bayern"]
[PlyCount "69"]
[WhiteFideId "16243536"]
[BlackFideId "16292626"]
[EventCountry "GER"]
[EventRounds "7"]
[EventType "team-swiss"]
[EventDate "2023.09.30"]

1. e4 {[%clk 01:30:55]} {[%emt 00:00:03]} e5 {[%clk 01:29:38]} {[%emt
00:01:24]} 2. Nf3 {[%clk 01:31:18]} {[%emt 00:00:06]} Nc6 {[%clk 01:29:32]}
{[%emt 00:00:36]} 3. Bb5 {[%clk 01:31:42]} {[%emt 00:00:06]} Nf6 {[%clk
01:24:11]} {[%emt 00:05:51]} 4. O-O {[%clk 01:31:59]} {[%emt 00:00:13]} Nxe4
{[%clk 01:23:19]} {[%emt 00:01:22]} 5. Re1 {[%clk 01:32:14]} {[%emt 00:00:15]}
Nd6 {[%clk 01:23:02]} {[%emt 00:00:46]} 6. a4 {[%clk 01:32:22]} {[%emt
00:00:22]} Be7 {[%clk 01:23:03]} {[%emt 00:00:30]} 7. Nc3 {[%clk 01:32:36]}
{[%emt 00:00:16]} O-O {[%clk 01:22:28]} {[%emt 00:01:06]} 8. d4 {[%clk
01:33:01]} {[%emt 00:00:05]} Nxb5 {[%clk 01:20:31]} {[%emt 00:02:26]} 9. axb5
{[%clk 01:33:00]} {[%emt 00:00:31]} Nxd4 {[%clk 01:20:30]} {[%emt 00:00:32]}
10. Nxd4 {[%clk 01:32:39]} {[%emt 00:00:51]} exd4 {[%clk 01:20:57]} {[%emt
00:00:02]} 11. Nd5 {[%clk 01:32:26]} {[%emt 00:00:44]} Bf6 {[%clk 01:17:34]}
{[%emt 00:03:53]} 12. Qf3 {[%clk 01:32:11]} {[%emt 00:00:45]} d6 {[%clk
01:15:25]} {[%emt 00:02:39]} 13. Nxf6+ {[%clk 01:32:36]} {[%emt 00:00:05]} Qxf6
{[%clk 01:15:48]} {[%emt 00:00:07]} 14. Qxf6 {[%clk 01:33:02]} {[%emt
00:00:04]} gxf6 {[%clk 01:16:14]} {[%emt 00:00:04]} 15. Bh6 {[%clk 01:14:49]}
{[%emt 00:18:43]} Rd8 {[%clk 01:16:26]} {[%emt 00:00:17]} 16. Re7 {[%clk
01:13:35]} {[%emt 00:01:43]} Bd7 {[%clk 01:13:00]} {[%emt 00:03:56]} 17. h4
{[%clk 01:03:47]} {[%emt 00:10:19]} Bxb5 {[%clk 01:10:28]} {[%emt 00:03:02]}
18. Rxc7 {[%clk 01:03:36]} {[%emt 00:00:41]} Rd7 {[%clk 01:10:20]} {[%emt
00:00:39]} 19. Rxa7 {[%clk 01:01:48]} {[%emt 00:02:17]} Rad8 {[%clk 01:07:41]}
{[%emt 00:03:08]} 20. Rxd7 {[%clk 00:56:20]} {[%emt 00:05:58]} Bxd7 {[%clk
01:07:40]} {[%emt 00:00:31]} 21. Rxb7 {[%clk 00:54:38]} {[%emt 00:02:12]} Bf5
{[%clk 01:07:34]} {[%emt 00:00:37]} 22. Rb4 {[%clk 00:39:13]} {[%emt 00:15:55]}
Bxc2 {[%clk 00:59:49]} {[%emt 00:08:16]} 23. Rxd4 {[%clk 00:39:04]} {[%emt
00:00:39]} f5 {[%clk 00:57:37]} {[%emt 00:02:41]} 24. b4 {[%clk 00:36:02]}
{[%emt 00:03:32]} f6 {[%clk 00:53:39]} {[%emt 00:04:30]} 25. b5 {[%clk
00:32:14]} {[%emt 00:04:17]} Kf7 {[%clk 00:53:36]} {[%emt 00:00:33]} 26. b6
{[%clk 00:28:14]} {[%emt 00:04:31]} Be4 {[%clk 00:52:09]} {[%emt 00:01:56]} 27.
Bf4 {[%clk 00:27:55]} {[%emt 00:00:49]} Ke6 {[%clk 00:52:06]} {[%emt 00:00:34]}
28. f3 {[%clk 00:26:32]} {[%emt 00:01:53]} Bd5 {[%clk 00:52:13]} {[%emt
00:00:23]} 29. Ra4 {[%clk 00:25:33]} {[%emt 00:01:28]} Rb8 {[%clk 00:52:06]}
{[%emt 00:00:37]} 30. Be3 {[%clk 00:25:55]} {[%emt 00:00:08]} Bc6 {[%clk
00:50:38]} {[%emt 00:01:58]} 31. Rc4 {[%clk 00:24:28]} {[%emt 00:01:56]} Bd5
{[%clk 00:45:16]} {[%emt 00:05:53]} 32. Rc7 {[%clk 00:24:26]} {[%emt 00:00:32]}
Rb7 {[%clk 00:45:44]} {[%emt 00:00:02]} 33. Rc8 {[%clk 00:23:19]} {[%emt
00:01:37]} Ke5 {[%clk 00:44:34]} {[%emt 00:01:41]} 34. Kf2 {[%clk 00:19:23]}
{[%emt 00:04:26]} Be6 {[%clk 00:42:25]} {[%emt 00:02:39]} 35. Rc7 {[%clk
00:18:36]} {[%emt 00:01:17]} 1/2-1/2